| 000 | 00523nam a2200181Ia 4500 | ||
|---|---|---|---|
| 001 | 68495 | ||
| 008 | 150918s9999 xx 000 0 und d | ||
| 020 | _a0787638129 | ||
| 040 | _cPK-LaUMT | ||
| 082 |
_aRCC 510 _bBRU-M |
||
| 100 | _aBruno, Leonard C. | ||
| 245 |
_aMath & mathematicians _bthe history of math discoveries around the world _cBruno, Leonard C. |
||
| 260 |
_aNew York,USA: _bGale Group, _c1999 |
||
| 501 | _a2 vols. | ||
| 546 | _aEN | ||
| 650 | _aMathematicians-Biography, juvenile literature | ||
| 942 | _cBK | ||
| 999 |
_c76085 _d76085 |
||